000 00678nam a22002057a 4500
003 OSt
005 20260114062613.0
008 260114b |||||||| |||| 00| 0 eng d
020 _a 971-685-816-7
040 _aDWC-Main lib
_cOC
082 _aFil. 401.9 M918 2016
100 _aFina Felisa Alcudia
245 _a Mother tongue for teaching and learning/
_cAlcudia, Fina Felisa
260 _a Quezon City :
_b Lorimar Publishing ,
_cc2016.
300 _a vi, 246 pages :
_b illustration;
_c26cm
650 _a1. Children- Language
650 _a2. Native language-- study and teaching-- Philippines
700 _a [AND FIVE OTHERS]
942 _2ddc
_cBK - FIL
_kFil.
_n0
999 _c7379
_d7379